ESSENTIAL PHARMACOLOGY AND DRAVYAGUNA (Record no. 11405)
[ view plain ]
| 000 -LEADER | |
|---|---|
| fixed length control field | 00347nam a22001457a 4500 |
| 003 - CONTROL NUMBER IDENTIFIER | |
| control field | SGT |
| 020 ## - INTERNATIONAL STANDARD BOOK NUMBER | |
| International Standard Book Number | 978-93-81608-84-5 |
| 082 ## - DEWEY DECIMAL CLASSIFICATION NUMBER | |
| Classification number | 612.015 |
| Item number | E16K |
| 100 ## - MAIN ENTRY--PERSONAL NAME | |
| Personal name | KRISHNAN, PRASANT.R |
| 245 ## - TITLE STATEMENT | |
| Title | ESSENTIAL PHARMACOLOGY AND DRAVYAGUNA |
| 260 ## - PUBLICATION, DISTRIBUTION, ETC. (IMPRINT) | |
| Place of publication, distribution, etc | NEW DELHI |
| Name of publisher, distributor, etc | CHAUKHAMBHA PUB |
| Year of Publication | 2016 |
| 300 ## - PAGE DESCRIPTION | |
| No. of Pages | 128 |
| 650 ## - SUBJECT ADDED ENTRY--TOPICAL TERM | |
| Topical term or geographic name as entry element | AYURVEDA |
| 942 ## - ADDED ENTRY ELEMENTS (KOHA) | |
| Source of classification or shelving scheme | Dewey Decimal Classification |
| Koha item type | Books |
| 942 ## - ADDED ENTRY ELEMENTS (KOHA) | |
| -- | 10 |
| Withdrawn status | Lost status | Source of classification or shelving scheme | Damaged status | Not for loan | Collection code | Home library | Current library | Shelving location | Date acquired | Vendor Name | Cost, normal purchase price | SGTU | Bill Number | Total Checkouts | Full call number | Accession No. (Barcode) | Date last seen | Date last borrowed | Bill Date | Koha item type | Total Renewals |
|---|---|---|---|---|---|---|---|---|---|---|---|---|---|---|---|---|---|---|---|---|---|
| Dewey Decimal Classification | AYURVEDA | SGT FA-FP Library | SGT FA-FP Library | Text Book | 30/03/2017 | CHAUKHAMBHA PUB | 165.00 | SGTU | CP/B/949 | 3 | 612.015 E16K | FA6176 | 11/12/2025 | 01/12/2025 | 09/02/2017 | Books | |||||
| Dewey Decimal Classification | AYURVEDA | SGT FA-FP Library | SGT FA-FP Library | Text Book | 30/03/2017 | CHAUKHAMBHA PUB | 165.00 | SGTU | CP/B/949 | 13 | 612.015 E16K | FA6177 | 19/12/2025 | 02/12/2025 | 09/02/2017 | Books | 1 | ||||
| Dewey Decimal Classification | AYURVEDA | SGT FA-FP Library | SGT FA-FP Library | Text Book | 30/03/2017 | CHAUKHAMBHA PUB | 165.00 | SGTU | CP/B/949 | 19 | 612.015 E16K | FA6178 | 22/12/2021 | 21/12/2021 | 09/02/2017 | Books | |||||
| Dewey Decimal Classification | AYURVEDA | SGT FA-FP Library | SGT FA-FP Library | Text Book | 30/03/2017 | CHAUKHAMBHA PUB | 165.00 | SGTU | CP/B/949 | 11 | 612.015 E16K | FA6179 | 22/12/2021 | 16/12/2021 | 09/02/2017 | Books | |||||
| Dewey Decimal Classification | AYURVEDA | SGT FA-FP Library | SGT FA-FP Library | Text Book | 30/03/2017 | CHAUKHAMBHA PUB | 165.00 | SGTU | CP/B/949 | 8 | 612.015 E16K | FA6180 | 24/12/2021 | 16/12/2021 | 09/02/2017 | Books |